000 00511nam a2200193Ia 4500
003 0OSt
005 20260130104146.0
008 240810s9999 xx 000 0 und d
020 _a978-989-8370-22-8
040 _aBiblioteca Geral-Universidade Lusíada de Angola
_cBULA
082 _m9(2)
_a323.1
100 _a GONÇALVES ,Jonuel
_9982
245 0 _aFranco Atiradores
260 _aLuanda ,
_bMayamba.
_c2010.
300 _a173p
650 _aPolitica
700 _aJonuel Gonçalves
942 _cLivros
_2ddc
999 _c586
_d586